[Event "Mindsports"]
[Site "Beijing CHN"]
[Date "2008.10.13"]
[EventDate "2008.10.13"]
[Round "6"]
[Result "0-1"]
[White "Ghate Swathi"]
[Black "Dulamsuren Yanjindulam"]
[WhiteElo "2320"]
[BlackElo "2286"]
[PlyCount "33"]

1. e4 c5 2. Nf3 d6 3. d4 cxd4 4. Nxd4 Nf6 5. Nc3 a6 6. Be3 e5
7. Nf3 Be7 8. Bc4 O-O 9. O-O Be6 10. Bb3 b5 11. Re1 Nc6
12. Bg5 b4 13. Bxf6 Bxf6 14. Nd5 Bg4 15. h3 Bh5 16. Qd3 a5
17. Ba4 0-1

[Event "Women's Olympiad"]
[Site "Dresden GER"]
[Date "2008.11.17"]
[EventDate "2008.11.13"]
[Round "5"]
[Result "0-1"]
[White "Dulamsuren Yanjindulam"]
[Black "Ilze Berzina"]
[WhiteElo "2286"]
[BlackElo "2320"]
[PlyCount "98"]

1. e4 c6 2. d4 d5 3. Nc3 dxe4 4. Nxe4 Nd7 5. Ng5 Ngf6 6. Bd3
e6 7. N1f3 Bd6 8. Qe2 h6 9. Ne4 Nxe4 10. Qxe4 Nf6 11. Qe2 b6
12. Bd2 Bb7 13. O-O-O Qc7 14. Kb1 O-O-O 15. Rhe1 c5 16. dxc5
Bxc5 17. Ba6 Rd5 18. Bxb7+ Qxb7 19. c4 Rdd8 20. g3 Ng4 21. Rf1
Nf6 22. Rfe1 Ng4 23. Rf1 Nf6 24. Rde1 Rhe8 25. Bc3 e5 26. Nxe5
Bd4 27. Bxd4 Rxd4 28. f3 Qc7 29. c5 Rxe5 30. Qa6+ Kd8 31. Rxe5
Qxe5 32. cxb6 axb6 33. Qxb6+ Ke7 34. Qb7+ Nd7 35. a3 g6 36. f4
Qd6 37. Re1+ Kf8 38. Qc8+ Kg7 39. Qc3 Nf6 40. Re2 Rd1+ 41. Ka2
Qd5+ 42. b3 Rd3 43. Qb2 Kh7 44. Rc2 Qe6 45. a4 Nd5 46. Rc4 Qe1
47. Rc8 Nc3+ 48. Ka3 Qe7+ 49. b4 Nd1+ 0-1

[Event "Women's Olympiad"]
[Site "Dresden GER"]
[Date "2008.11.22"]
[EventDate "2008.11.13"]
[Round "9"]
[Result "1/2-1/2"]
[White "Manuela Mader"]
[Black "Dulamsuren Yanjindulam"]
[WhiteElo "2132"]
[BlackElo "2286"]
[PlyCount "141"]

1. Nf3 Nf6 2. d4 e6 3. g3 d5 4. c4 c6 5. cxd5 exd5 6. Bg2 Bd6
7. O-O O-O 8. Nc3 Re8 9. a3 Nbd7 10. Re1 Ne4 11. Qc2 Ndf6
12. Na4 Ng4 13. Rf1 Bf5 14. Qb3 Rb8 15. h3 Ngf6 16. Ne5 h5
17. Kh2 Nd7 18. Qf3 Bg6 19. Nxd7 Qxd7 20. Bf4 b5 21. Nc3 Nxc3
22. bxc3 Re6 23. Bxd6 Qxd6 24. h4 Rbe8 25. e3 Re4 26. Kg1 Rg4
27. Qe2 a5 28. Bf3 Ree4 29. Bg2 Re8 30. Bf3 Ree4 31. Bg2 Re7
32. Bf3 Bf5 33. Ra2 Rg6 34. Bxh5 Rh6 35. Kg2 Qe6 36. Rh1 a4
37. Bf3 Qg6 38. Rd2 Re8 39. Qd1 Qd6 40. Ra2 Qg6 41. Rd2 Bd7
42. Qb1 Bf5 43. Qd1 Qd6 44. Ra2 Bd7 45. Qd3 g6 46. Qd1 Kg7
47. Ra1 Qe7 48. Bg4 Qe4+ 49. Bf3 Qe7 50. Bg4 Qe4+ 51. Bf3 Qe6
52. Qe2 f5 53. Qb2 Reh8 54. Rae1 Qf6 55. Qb4 Kf7 56. Qc5 R6h7
57. Rb1 Rh6 58. Rbe1 R8h7 59. Rb1 Kg8 60. Qa7 Qd8 61. Qc5 Qf6
62. Qa7 Qf8 63. Qc5 Qd8 64. Ra1 Qf6 65. Qa7 Rf7 66. Qc5 Qh8
67. Rab1 Qf6 68. Ra1 Qh8 69. Rab1 Qf6 70. Ra1 Qh8 71. Rab1
1/2-1/2